000 01761nam a2200349Ia 4500
003 CO-BoRNBP
005 20230314142157.0
007 ta
008 121119s2003 ck gr 000 0 spa
020 _a9587040104
040 _aCO-BoRNBP
_bspa
_erda
_cCO-BoRNBP
041 1 _aspa
082 0 4 _a338.91
_bS73m
100 1 _aStiglitz, Joseph E.
_9232
245 1 3 _aEl malestar en la globalización
_cJoseph E. Stiglitz ; traducción, Carlos Rodríguez Braun
250 _aPrimera edición
264 _aBogotá
_bTaurus
_c2003
300 _a314 páginas
_c24 cm
336 _atexto
_btxt
_2rdacontent
337 _asin mediación
_bn
_2rdamedia
338 _avolumen
_bnc
_2rdacarrier
490 0 _aPensamiento
505 0 _a1. La promesa de las instituciones globales -- 2. Promesas rotas 3. ¿Libertad de elegir? -- 4. La crisis del este asiático -- 5. ¿Quién perdió a Rusia? -- 6. Leyes comerciales injustas -- 7. Mejores caminos hacia el mercado -- 8. La otra agenda del FMI -- 9. Camino al futuro
520 3 _aEl proceso de globalización orientado por el FMI y las organizaciones internacionales ha causado un sufrimiento excesivo a los países en desarrollo. La fuerte reacción contra la globalización tiene sus raíces no sólo en los perjuicios ocasionados a estos países debido a las políticas ideológicas sino también en las desigualdades del sistema comercial mundial
534 _tGlobalization and its discontents
650 1 4 _aIntegración económica internacional
_2LEMB
_9233
650 1 4 _aFinanzas internacionales
_2LEMB
_9234
650 1 4 _aGlobalización
_xAspectos económicos
_2LEMB
_9235
650 1 4 _aRegulación del comercio exterior
_2LEMB
_9236
700 1 _aRodríguez Braun, Carlos
_etraductor
_9237
942 _2ddc
_cBK
999 _c9232
_d9232